000
00195nam a2200085 4500
001
1236989
005
20251002143706.0
245
_a
PORTAKAL İÇECEKLERİ
_c
ÖZGÜR BALPINAR
260
_b
GENÇ TİMAŞ
999
_c
1236989
_d
1236989